La cruzada de los niños /
Guardado en:
| Autor Principal: | |
|---|---|
| Otros Autores: | , |
| Formato: | Libro |
| Publicado: |
Buenos Aires :
El jinete azul,
2014
|
| Materias: | |
| Etiquetas: |
Agregar Etiqueta
Sin Etiquetas, Sea el primero en etiquetar este registro!
|
| LEADER | 00874nam a22002655a 4500 | ||
|---|---|---|---|
| 001 | CEM.cems018458 | ||
| 008 | 130507s2014##################000#0#####d | ||
| 005 | 20220209101105.0 | ||
| 003 | CEMS | ||
| 245 | 1 | 0 | |a La cruzada de los niños / |c Bertolt Brecht ; ilustraciones de Carme Solé Vendrell ; traducción de Moka Seco Reeg |
| 260 | |a Buenos Aires : |b El jinete azul, |c 2014 | ||
| 300 | |a 36 p. | ||
| 020 | |a 9789872901066 | ||
| 100 | 1 | |a Brecht, Bertolt | |
| 700 | 1 | |a Solé Vendrell, Carme, il. | |
| 700 | 1 | |a Seco Reeg, Moka, trad. | |
| 082 | 0 | 4 | |a 831.9 |
| 653 | |a Literatura | ||
| 653 | |a Literatura alemana | ||
| 653 | |a Poesías | ||
| 653 | |a Poesía alemana | ||
| 653 | |a Colección Juan Gelman | ||
| 653 | |a Biblioteca Juan Gelman | ||
| 859 | |a CEMS |b BIB. CEMS - Agricultura |h 831.9 |i B742-1 |p A2236.15 |t Ej.1 | ||
| 859 | |a CEMS |b BIB. CEMS - 11 de abril |h 831.9 |i B742 |p 27106.15 |t Ej.1 | ||
